000 00418nam a2200169Ia 4500
008 230711s9999||||xx |||||||||||||| ||und||
041 _aENG
082 _a624
_bWH-B
100 _aWhite,Richard
245 0 _aBuilding structural design handbook
250 _a1st Ed.
260 _c1987
_aNew York
_bJohn Wiley & Sons.Inc
300 _a1197
650 _aCivil Engineering
700 _aSalmon,Charles G.
942 _cBK
999 _c769
_d769